000 00416nam a2200157Ia 4500
008 240729s9999 xx 000 0 und d
022 _a1598-6357
245 0 _aJournal of Korean Medical Science
260 _aKorea, Republic of
260 _bxmlink
650 _a Medicine (General)
650 _aMedicine
856 _uhttps://doaj.org/toc/188fe8349e2040539677f6fda2dbf775
942 _2ddc
942 _cDOAJEJ
999 _c69678
_d69678
945 _a1
_bMadushi Gamage
_c1
_dMadushi Gamage